Tales (Of) Series Games - Statistics

General Stats
  • This quiz has been taken 49 times
  • The average score is 14 of 19
Answer Stats
Year Systems Game % Correct
2003 Gamecube, PS2, PS3, PC Symphonia
92%
2021 PS4, PS5, Xbox One, Xbox Series X/S Arise
86%
2016 PS3, PS4, PC Berseria
86%
2011 PS3 Xillia
86%
2008 PS3, PS4, Xbox 360, Xbox One, PC, Switch Vesperia
84%
2012 PS3 Xillia 2
84%
2005 PS2, Nintendo 3DS The Abyss
81%
2015 PS3, PS4, PC Zestiria
78%
1997 PS, PS2 Destiny
76%
2001 PS, PS2, PSP Destiny II/Eternia
76%
2009 PS3, Wii Graces/Graces F
76%
1995 Super Famicom, GBA, PS, iOS, PSP Phantasia
76%
2005 PS2 Legendia
70%
2008 PS3, Wii Symphonia: Dawn of the New World
68%
2008 Nintendo DS, PS Vita, iOS Hearts/Hearts R
65%
2007 Nintendo DS, PS Vita Innocence/Innocence R
54%
2006 Nintendo DS The Tempest
51%
2004 PS2, PSP Rebirth
46%
2006 PSP The World: Radiant Mythology
27%
No matching quizzes found
Score Distribution
Percent of People with Each Score
Percentile by Number Answered
Your Score History
You have not taken this quiz